<?xml version="1.0" encoding="UTF-8"?>
<marc:record xmlns:marc="http://www.loc.gov/MARC21/slim">
   <marc:leader>00000nam a2200000 a 4500</marc:leader>
   <marc:datafield ind1="1" ind2=" " tag="100">
      <marc:subfield code="a">Hoffmann, E.T. A.</marc:subfield>
      <marc:subfield code="4">aut</marc:subfield>
      <marc:subfield code="e">Verfasser/-in</marc:subfield>
   </marc:datafield>
   <marc:datafield ind1="0" ind2="0" tag="245">
      <marc:subfield code="a">Lebens-Ansichten des Katers Murr</marc:subfield>
   </marc:datafield>
   <marc:datafield ind1="0" ind2="0" tag="245">
      <marc:subfield code="b">Roman</marc:subfield>
   </marc:datafield>
   <marc:datafield ind1="0" ind2="0" tag="245">
      <marc:subfield code="c">E.T. A. Hoffmann</marc:subfield>
   </marc:datafield>
   <marc:datafield ind1=" " ind2="1" tag="264">
      <marc:subfield code="a">Düsseldorf</marc:subfield>
      <marc:subfield code="b">Artemis &amp; Winkler Verlag</marc:subfield>
      <marc:subfield code="c">2006</marc:subfield>
   </marc:datafield>
   <marc:datafield ind1="1" ind2=" " tag="520">
      <marc:subfield code="a">In den &#x9b;Lebens-Ansichten des Katers Murr&#x8b; gibt E.T.A. Hoffmann voller Ironie einen schriftstellernden, über alle Maßen spießbürgerlichen Kater der Lächerlichkeit preis. Im Wettstreit mit Goethes &#x9b;Wilhelm Meister&#x8b; lässt er ihn seine Memoiren abfassen, doch durch des Katers Unachtsamkeit geraten Blätter zwischen sein Manuskript, die seines Herren, des Kapellmeister Kreislers, Lebensgeschichte enthalten. So kommen in diesem Roman gleich zwei Lebensgeschichten wie unvermittelt nebeneinander zu stehen: die in die Katzengeschichte verkleidete Literatur- und Gesellschaftssatire und die in manchen Zügen autobiographische Künstlerbiographie, die zum bildungsbürgerlichen Philistertum Murrs den tragisch-bizarren und zugleich von tiefem menschlichem Humor bestimmten Kontrapunkt bildet. (Verl.txt)</marc:subfield>
   </marc:datafield>
   <marc:datafield ind1=" " ind2=" " tag="020">
      <marc:subfield code="a">9783538063150</marc:subfield>
      <marc:subfield code="9">9783538063150</marc:subfield>
   </marc:datafield>
   <marc:datafield ind1=" " ind2=" " tag="020">
      <marc:subfield code="a">353806315X</marc:subfield>
      <marc:subfield code="9">353806315X</marc:subfield>
   </marc:datafield>
   <marc:datafield ind1=" " ind2=" " tag="300">
      <marc:subfield code="a">534 S.</marc:subfield>
   </marc:datafield>
</marc:record>
